Compte-rendu generale (Record no. 46643)

MARC details
000 -LEADER
campo de control de longitud fija 00553nam a2200169 i 4500
001 - NÚMERO DE CONTROL
campo de control 46643
003 - IDENTIFICADOR DE NÚMERO DE CONTROL
campo de control ES-MaACL
005 - FECHA Y HORA DE LA ÚLTIMA TRANSACCIÓN
campo de control 20230906161425.0
007 - CAMPO FIJO DE DESCRIPCIÓN FÍSICA--INFORMACIÓN GENERAL
campo de control de longitud fija t|
008 - DATOS DE LONGITUD FIJA--INFORMACIÓN GENERAL
campo de control de longitud fija 030331s1912 po ||||1| fre d
111 2# - ENTRADA PRINCIPAL--NOMBRE DE CONGRESO/REUNIÓN
Nombre de congreso/reunión o jurisdicción como elemento de entrada Congrés International de Tourisme (
Número del congreso/reunión o número de parte o sección 4º.
Fecha del congreso o de la firma del tratado 1911.
Sede del congreso/Lugar de la reunión Lisboa)
9 (RLIN) 257
245 10 - MENCIÓN DEL TÍTULO
Título Compte-rendu generale
Resto del título : Lisbonne 12-19 moi 1911 /
Mención de responsabilidad, etc. Congrés International de Tourisme.
260 ## - PUBLICACIÓN, DISTRIBUCIÓN, ETC.
Lugar de publicación, distribución, etc. Lisbonne :
Nombre del editor, distribuidor, etc. [s.n.,
Fecha de publicación, distribución, etc. 1912] (
Fabricante Typ. Universelle)
300 ## - DESCRIPCIÓN FÍSICA
Extensión 165 p., 25 lám. ;
Dimensiones 25 cm.
650 04 - PUNTO DE ACCESO ADICIONAL DE MATERIA--TÉRMINO DE MATERIA
Término de materia o nombre geográfico como elemento de entrada Turismo.
9 (RLIN) 17665
852 ## - LOCALIZACIÓN
Ubicación ES-MaACL
Número de control de estantería F-1315
Holdings
Estatus retirado Estado de pérdida Estado de daño No para préstamo Biblioteca de origen Biblioteca actual Ubicación en estantería Fecha de adquisición Fuente de adquisición Total de préstamos Signatura topográfica completa Código de barras Visto por última vez Precio de reemplazo Tipo de ítem Koha
        Biblioteca del Ateneo de Madrid Biblioteca del Ateneo de Madrid Depósito 2 17/01/2008     F-1315 1049059 23/02/2023 23/02/2023 Libro impreso